Χρώματα Σημαίας ανά Γράμμα - Statistics

General Stats
  • This quiz has been taken 11 times
  • The average score is 10 of 21
Answer Stats
Χώρα Χρώματα % Correct
Ελλάδα Μπλε άσπρο
100%
Καναδάς Κόκκινο άσπρο
82%
Ουκρανία Μπλε κίτρινο
73%
Ιαπωνία Κόκκινο άσπρο
55%
Φινλανδία Μπλε άσπρο
55%
Αλβανία Κόκκινο μαύρο
55%
Ελβετία Κόκκινο άσπρο
55%
Ισραήλ Μπλε άσπρο
55%
Πακιστάν Πράσινο άσπρο
55%
Σαουδική Αραβία Πράσινο άσπρο
55%
Κίνα Κόκκινο κίτρινο
55%
Σουηδία Μπλε κίτρινο
45%
Βιετνάμ Κόκκινο άσπρο
45%
Μπανγκλαντές Κόκκινο πράσινο
27%
Γεωργία Κόκκινο άσπρο
27%
Σιγκαπούρη Κόκκινο άσπρο
27%
Νιγηρία Πράσινο άσπρο
27%
Καζακστάν Μπλε κίτρινο
27%
Ινδονησία Κόκκινο άσπρο
27%
Σομαλία Μπλε άσπρο
18%
Μαρόκο Κόκκινο πράσινο
18%
No matching quizzes found
Score Distribution
Percent of People with Each Score
Percentile by Number Answered
Your Score History
You have not taken this quiz